LEADER 01580nam--2200433---450- 001 990000777130203316 005 20091221134804.0 010 $a88-14-07266-3 035 $a0077713 035 $aUSA010077713 035 $a(ALEPH)000077713USA01 035 $a0077713 100 $a20011128d1998----km-y0itay0103----ba 101 $aita 102 $aIT 105 $a||||||||001yy 200 1 $a<> ordine di sospensione dei lavori nel sistema urbanistico italiano$einquadramento teorico ed analisi pretica dell'Istituto$fFrancesco Mele$gprefazione di Antonio Catricalà 210 $aMilano$cGiuffré$d1998 215 $aXIII, 281 p.$d22 cm 225 2 $aTeoria e pratica del diritto$hsez. 4$iDiritto amministrativo$v47 410 $12001$aTeoria e pratica del diritto$hsez. 4$iDiritto amministrativo$v47 461 1$1001-------$12001 606 0 $aEdilizia$xAbusi$xLegislazione 606 0 $aUrbanistica$xAbusi$xLegislazione 676 $a346.45045 700 1$aMELE,$bFrancesco$039916 702 1$aCATRICALÀ,$bAntonio 801 0$aIT$bsalbc$gISBD 912 $a990000777130203316 951 $aXXIV.3. Coll. 6/ 48 (COLL ZJ IV 47)$b19917 G$cXXIV.3. Coll. 6/ 48 (COLL ZJ IV)$d00254196 959 $aBK 969 $aGIU 979 $aPATTY$b90$c20011128$lUSA01$h1403 979 $c20020403$lUSA01$h1725 979 $aPATRY$b90$c20040406$lUSA01$h1653 979 $aPATRY$b90$c20090204$lUSA01$h1325 979 $aRSIAV4$b90$c20091221$lUSA01$h1348 996 $aOrdine di sospensione dei lavori nel sistema urbanistico italiano$9207190 997 $aUNISA